Statistiche per Clicca il cognome del personaggio di Harry Potter

Clicka qui per fare il quiz!

Statistiche generali

  • Questo quiz è stato fatto 95 volte
  • Il punteggio medio è 14 su 15

Statistiche sulle risposte

HintRisposta% Corretto
SiriusBlack
96%
HermioneGranger
96%
BellatrixLestrange
95%
AlbusSilente
95%
LordVoldemort
94%
LunaLovegood
93%
LuciusMalfoy
93%
NevillePaciock
93%
SeverusPiton
93%
DoloresUmbridge
93%
RonWeasley
93%
RubeusHagrid
91%
DudleyDursley
89%
AlastorMoody
89%
TomRiddle
89%

Distribuzione punteggi

Percentile per numero di risposta

Percentuale di utenti per punteggio

I tuoi punteggi nel tempo

Non hai fatto questo quiz